|
|
|
|
| LEADER |
00956nam a22002777a 4500 |
| 001 |
29247 |
| 003 |
BD-DhAAL |
| 005 |
20150531085212.0 |
| 008 |
150531s2015 xxua b 001 0 eng d |
| 020 |
|
|
|a 9781936424320
|
| 040 |
|
|
|a BD-DhAAL
|c BD-DhAAL
|
| 041 |
|
|
|a eng
|
| 082 |
|
|
|a 615.11
|
| 245 |
0 |
0 |
|a USP 38- NF 33 /
|c United States Pharmacopeial Convention.
|
| 250 |
|
|
|a First supplement
|
| 260 |
|
|
|a Rockville, MD :
|b The Convention,
|c 2015
|
| 300 |
|
|
|a various pagings ;
|b ill. ;
|c 26 cm.
|
| 500 |
|
|
|a Includes index.
|
| 541 |
|
|
|e 29247
|
| 650 |
|
0 |
|a Pharmacopoeias
|z United States.
|9 11522
|
| 650 |
|
0 |
|a Formulary
|z United States.
|9 11523
|
| 650 |
|
0 |
|a Catalogs, Drug
|z United States.
|9 11524
|
| 710 |
2 |
|
|a United States Pharmacopeial Convention.
|9 11525
|
| 942 |
|
|
|2 ddc
|c BK
|
| 999 |
|
|
|c 34561
|d 34561
|
| 952 |
|
|
|0 0
|1 0
|2 ddc
|4 0
|6 615_110000000000000_USP
|7 0
|9 53973
|a PHR
|b PHR
|c GEN
|d 2015-05-31
|l 1
|o 615.11 USP
|p 3010029247
|r 2016-02-01
|s 2016-01-25
|t 1
|w 2015-05-31
|y BK
|